000 01053cam a2200193 4500
001 ABS65330
008 020501n2002 000 0 eng u
035 _a(Sirsi) u117805
110 _aSociety for the Protection of Ancient Buildings
_92085
245 _aDisability and historic buildings
260 _c2002
490 _aBuilding Control
_v April 2002, 13(1)
520 _aExplains that ancient buildings should be sympathetically altered to accommodate access by disabled. Emphasises that Building Regulations only ask that requirements are met, without obligation to adopt them in a particular way. When requirement cannot be met by any means, perhaps architectural character would be too seriously damaged, then applicant should apply for relaxation or dispensation of requirement.
590 _aABS
650 _aMANAGEMENT-BUSINESS MANAGEMENT-DISCRIMINATION-DISABILITY DISCRIMINATION-ACCESSIBILITY
650 _aANCIENT STRUCTURES
690 _aBUILT ENVIRONMENT-BUILDING MAINTENANCE AND REFURBISHMENT-BUILDING CONSERVATION
942 _n0
999 _c70150
_d70150